"Hướng dẫn học sinh cách tìm lời giải tự nhiên cho các bài toán tìm giá trị lớn nhất , giá trị nhỏ nhất của phân thức trong chương trình đại số lớp 8" /
Spremljeno u:
| Glavni autor: | |
|---|---|
| Format: | Članak |
| Jezik: | Vietnamese |
| Teme: | |
| Oznake: |
Dodaj oznaku
Bez oznaka, Budi prvi tko označuje ovaj zapis!
|
| Thư viện lưu trữ: | Thư viện Trường Đại học Đà Lạt |
|---|
| LEADER | 00927nam a2200265 4500 | ||
|---|---|---|---|
| 001 | DLU180186717 | ||
| 005 | ##20180905 | ||
| 040 | # | # | |a DLU |b vie |
| 041 | # | # | |a vie |
| 044 | # | # | |a vn |
| 100 | # | # | |a Hoàng Văn Long. |
| 245 | # | # | |a "Hướng dẫn học sinh cách tìm lời giải tự nhiên cho các bài toán tìm giá trị lớn nhất , giá trị nhỏ nhất của phân thức trong chương trình đại số lớp 8" / |c Hoàng Văn Long. |
| 653 | # | # | |a Đại số lớp 8 |
| 653 | # | # | |a Giải bài tập toán |
| 653 | # | # | |a Hướng dẫn học sinh |
| 773 | # | # | |t Tạp chí dạy và học ngày nay |g Số 4, 2015, tr. 40-41 |
| 920 | # | # | |a Phòng Tạp chí -- Trung tâm Thông tin - Thư viện Trường Đại học Đà Lạt |
| 994 | # | # | |a DLU |
| 900 | # | # | |a True |
| 911 | # | # | |a Trần Thị Minh Hương |
| 925 | # | # | |a G |
| 926 | # | # | |a A |
| 927 | # | # | |a BB |
| 980 | # | # | |a Thư viện Trường Đại học Đà Lạt |